Geography A-Z #6 - Statistics

General Stats
  • This quiz has been taken 5,211 times
  • The average score is 16 of 26
Answer Stats
Hint Answer % Correct
Q New York borough Queens
93%
G Suriname neighbour Guyana
92%
L Nigeria's largest city Lagos
88%
I Five pillars religion Islam
86%
D Estuary, river mouth Delta
81%
M Person from Casablanca, eg. Moroccan
81%
N Wanderer, bedouin Nomad
80%
Y Cancún's peninsula Yucatán
78%
O Watering hole Oasis
77%
K Cologne, to a German Köln
74%
A Shakespeare's river Avon
70%
H Gatwick alternative Heathrow
70%
U Australian monolith Uluru
68%
E Island known as Rapa Nui Easter
66%
R Lake used as water supply Reservoir
65%
J City once known as Batavia Jakarta
61%
P Seattle Sound Puget
59%
V Rialto city Venice
56%
T Central American capital Tegucigalpa
53%
Z Hwange National Park locale Zimbabwe
51%
F WWI field famous for poppies Flanders
48%
C New Zealand Strait Cook
40%
B Dahomey, post 1975 Benin
31%
W Southern Belgian, perhaps Walloon
24%
X Chinese autonomous region Xinjiang
16%
S One of Lyon's two rivers Saône
11%
No matching quizzes found
Score Distribution
Percent of People with Each Score
Percentile by Number Answered
Your Score History
You have not taken this quiz